000
00285nam a22001217a 4500
008
170606b xxu||||| |||| 00| 0 eng d
041
_a
eng
080
_2
3ED
_a
327
100
_a
18
101
_a
SHP
245
_a
WORLD POLITICS INTERNATIONAL POLITICS
_c
ROURKE.T.T
942
_2
udc
_c
BK
999
_c
16164
_d
16164